| 000 | 01557cam a2200445 4500 | ||
|---|---|---|---|
| 003 | PE-LiUPU | ||
| 005 | 20250731173259.0 | ||
| 020 | _a8433007696 | ||
| 035 | _a(Sirsi) i9788433007698 | ||
| 035 | _a(Sirsi) 13644 | ||
| 035 | _a(Sirsi) 13644 | ||
| 041 | _aes | ||
| 044 | _aes | ||
| 082 | 0 | 4 |
_a262.7 _bF55 |
| 100 | 1 | _aFiorenza, Elizabeth Schüssler | |
| 245 | _aEn memoria de ella: una reconstrucción teológico-feminista de los orígenes del cristianismo. | ||
| 264 | 1 |
_aBilbao : _bDesclée de Brouwer, _c1989 |
|
| 300 |
_a415 páginas ; _c21 cm. |
||
| 490 | 0 |
_aColección Cristianismo y Sociedad _v18 |
|
| 504 | _aNotas Bibliograficas | ||
| 505 | 0 | _aHacia una hermenéutica crítica de carácter feminista -- Hacia un método crítico feminista -- Hacia un modelo feminista de reconstrucción histórica -- El movimiento de Jesús como movimiento de renovación en el seno del judaísmo -- El mo | |
| 526 | _aSEG42 | ||
| 526 | _aSEG41 | ||
| 526 | _aSEG40 | ||
| 526 | _aSEG39 | ||
| 526 | _aP94 | ||
| 526 | _aP87 | ||
| 526 | _aP86 | ||
| 526 | _aP85 | ||
| 526 | _aP77 | ||
| 526 | _aP76 | ||
| 526 | _aP35 | ||
| 650 | _jMUJERES | ||
| 942 |
_2ddc _cBOOK |
||
| 949 |
_a262.7 F55 _i30451 _lCCODEBUL1 _mBUL _tLIBRO _o.STAFF. Circulación |
||
| 859 |
_q30451 _h262.7 _iF55 |
||
| 910 | _aaj-em | ||
| 596 | _a1 | ||
| 999 |
_a262.7 F55 _wDEWEY _c44036 _i30451 _f2021-11-10 _g5 _lCCODEBUL1 _mBUL _r0 _sY _tBOOK _u2015-6-16 _xTEOLOGIA _zUNKNOWN _0COMPRA _o.STAFF. Colección General _d44036 |
||
| 980 |
_81 _gALBERTO SANCHEZ Responsable de Automatización |
||